| 000 | 00625nam a2200181 a 4500 | ||
|---|---|---|---|
| 001 | 000022252 | ||
| 005 | 20250129172122.0 | ||
| 008 | 100921s2006 dr 000 0 spa d | ||
| 020 | _a9945160273 | ||
| 040 |
_aDO-SdBNP _bspa _cBNPHU |
||
| 082 |
_axxx _bA277a |
||
| 100 | 1 |
_aAgramonte, Carlos, _d1954- _9858 |
|
| 245 | 1 | 3 |
_aLa Altagracia : _bla historia de la virgen que trajo los colores de la patria / _cCarlos Agramonte. |
| 260 |
_aSanto Domingo : _bFundacion Eductiva y Cultural Santo Domingo, INC., _c2006. |
||
| 300 |
_a39 p. ; _c23 cm. |
||
| 500 | _aIncluye datos biográficos del autor en la página 40 | ||
| 049 | _aBNPD | ||
| 999 |
_c21750 _d21750 |
||